Państwa położone najbliżej Etiopii - Statystyki

Ogólne statystyki
  • Ten quiz został rozwiązany 3 419 razy
  • Średni wynik to 18 z 20
Odpowiedzi na mapie
Odpowiedzi zakodowano w zielono-czerwonej skali na mapie do tego quizu, zgodnie z poniższymi procentami.
 
Statystyki odpowiedzi
km Kraj % Poprawnych
897 Egipt
99%
268 Arabia Saudyjska
98%
109 Jemen
97%
1111 Oman
97%
0 Sudan
97%
1385 Libia
96%
0 Somalia
96%
526 Demokratyczna Republika Konga
95%
0 Sudan Południowy
94%
1160 Czad
93%
0 Erytrea
93%
0 Kenia
93%
674 Tanzania
89%
0 Dżibuti
87%
688 Republika Środkowoafrykańska
87%
1539 Seszele
85%
193 Uganda
85%
1526 Zambia
85%
872 Rwanda
83%
977 Burundi
76%
Nie znaleziono quizów pasujących do podanych kryteriów
Rozkład punktacji
Procent ludzi z każdym wynikiem
Percentyl według liczby udzielonych odpowiedzi
Twoja historia wyników
Nie rozwiązałeś tego quizu